| 000 | 00618nam a2200193Ia 4500 | ||
|---|---|---|---|
| 003 | GCL | ||
| 008 | 140319s9999 xx 000 0 ara d | ||
| 040 |
_aGCL / _cGCL |
||
| 082 | 0 | 4 |
_a005.13 _bت ا \\=aخالد العامرىv |
| 245 | 1 | 0 | _aاكتيف اكس |
| 700 | 1 | _aتشن، واينج | |
| 260 |
_aالقاهرة : _bدار الفاروق للنشر والتوزيع ، _c2004 |
||
| 300 |
_a942 ص ؛ _c28 سم |
||
| 650 | 0 | 4 | _aالإنترنت |
| 650 | 0 | 4 | _aالحاسبات الالكترونية - لغات |
| 650 | 0 | 4 | _aانشاء صفحات الويب |
| 650 | 0 | 4 | _aاكتيف اكس |
| 942 |
_2ddc _cBK |
||
| 999 |
_c7239 _d7239 |
||